Cartoon Monkeys - Statistics

General Stats
  • This quiz has been taken 69 times
  • The average score is 7 of 16
Answer Stats
Picture Answer % Correct
Donkey Kong
95%
Curious George
88%
Abu
67%
Boots
65%
Diddy Kong
63%
Mojo Jojo
60%
Rafiki
54%
Evil Monkey
37%
King Louie
32%
Grape Ape
26%
Aipom
25%
Terk
23%
Lazlo
21%
Magilla Gorilla
21%
Monkey
21%
Mr. Teeny
18%
No matching quizzes found
Score Distribution
Percent of People with Each Score
Percentile by Number Answered
Your Score History
You have not taken this quiz